<?xml version="1.0" encoding="UTF-8"?>
<marc:record xmlns:marc="http://www.loc.gov/MARC21/slim">
   <marc:leader>00000nam a2200000 a 4500</marc:leader>
   <marc:datafield ind1="1" ind2=" " tag="100">
      <marc:subfield code="a">Weiss, Sabine</marc:subfield>
      <marc:subfield code="4">aut</marc:subfield>
      <marc:subfield code="e">Verfasser/-in</marc:subfield>
   </marc:datafield>
   <marc:datafield ind1="0" ind2="0" tag="245">
      <marc:subfield code="a">Düsteres Watt</marc:subfield>
   </marc:datafield>
   <marc:datafield ind1="0" ind2="0" tag="245">
      <marc:subfield code="b">Sylt-Krimi</marc:subfield>
   </marc:datafield>
   <marc:datafield ind1="0" ind2="0" tag="245">
      <marc:subfield code="c">Sabine Weiss</marc:subfield>
   </marc:datafield>
   <marc:datafield ind1=" " ind2="1" tag="264">
      <marc:subfield code="a">Köln</marc:subfield>
      <marc:subfield code="b">Lübbe</marc:subfield>
      <marc:subfield code="c">2022</marc:subfield>
   </marc:datafield>
   <marc:datafield ind1="1" ind2=" " tag="490">
      <marc:subfield code="a">Liv Lammers</marc:subfield>
      <marc:subfield code="v">6</marc:subfield>
   </marc:datafield>
   <marc:datafield ind1="1" ind2=" " tag="520">
      <marc:subfield code="a">Sylt glüht unter der Sommerhitze. In den Wanderdünen bei List meldet ein anonymer Anrufer eine männliche Leiche. Der Tod des Mannes gibt Rätsel auf, denn obgleich das Opfer auf einer Düne liegt, ist es ertrunken. Zumindest die Identität ist rasch geklärt: Es handelt sich um Karl von Raboisen, den steinreichen Spross einer Adelsfamilie, der eine Villa in List besitzt. Seine Ehefrau Charlotte ist Politikerin, weshalb die Ermittlungen sofort im Fokus der Öffentlichkeit stehen. Doch noch während Liv Lammers und ihre Kollegen von der Kripo Flensburg ermitteln, wird im Sylter Watt eine weitere Leiche angespült. Auch hier steht die Todesart im Widerspruch zum Fundort: Die Frau ist verdurstet. Makabrer Zufall oder Ergebnis eines perfiden Plans?</marc:subfield>
   </marc:datafield>
   <marc:datafield ind1=" " ind2=" " tag="020">
      <marc:subfield code="a">9783404188208</marc:subfield>
      <marc:subfield code="9">9783404188208</marc:subfield>
   </marc:datafield>
   <marc:datafield ind1=" " ind2=" " tag="020">
      <marc:subfield code="a">3404188209</marc:subfield>
      <marc:subfield code="9">3404188209</marc:subfield>
   </marc:datafield>
   <marc:datafield ind1=" " ind2=" " tag="041">
      <marc:subfield code="a">ger</marc:subfield>
   </marc:datafield>
   <marc:datafield ind1=" " ind2=" " tag="300">
      <marc:subfield code="a">398 Seiten</marc:subfield>
   </marc:datafield>
</marc:record>
